LEADER 01273nam0-22003851i-450- 001 990003000060403321 005 20160114091529.0 035 $a000300006 035 $aFED01000300006 035 $a(Aleph)000300006FED01 035 $a000300006 100 $a20030910d1966----km-y0itay50------ba 101 0 $aita 102 $aIT 200 1 $a260 aree economiche in Italia$econtributo alla programmazione$emetodi di individuazione e analisi statistiche$fa cura di Guglielmo Tagliacarne 210 $aMilano$cGiuffré editore$d1966 215 $avii, 204 p.$cill.$d24 cm 225 1 $aMonografie regionali per la programmazione economica 300 $aIn testa al frontespizio: Unione italiana delle camere di commercio, industria e agricoltura 517 1 $aDuecentosessanta aree economiche in Italia 610 0 $aEconomia regionale$aItalia 610 0 $aItalia 702 1$aTagliacarne,$bGuglielmo 710 02$aUnioncamere$0422533 801 0$aIT$bUNINA$gRICA$2UNIMARC 901 $aBK 912 $a990003000060403321 952 $a01 EC 54$b1398$fDINST 952 $aF/1.411 UNI/66$b1374/I$fSES 952 $aTRONC 8$fDARPU 959 $aDINST 959 $aSES 959 $aDARPU 996 $a260 aree economiche in Italia$9466043 997 $aUNINA LEADER 01297nam0-22003371i-450 001 990007376730403321 005 20220922211040.0 010 $a3-406-47702-X 035 $a000737673 035 $aFED01000737673 035 $a(Aleph)000737673FED01 100 $a20021204d2001----km-y0itay50------ba 101 0 $ager 102 $aDE 105 $ay---m---001yy 200 1 $a<>internationale Gemeinschaft im Völkerrecht$eeine Untersuchung zur Entwicklung des Völkerrechts im Zeitalter der Globalisierung$d= The "international community" in public international law$fvon Andreas L. Paulus$zeng 210 $aMünchen$cBeck$dc2001 215 $aXXII, 495 p.$d24 cm 225 1 $aMünchener Universitätsschriften$iReihe der Juristischen Fakultät$v159 320 $aBibliografia: p. 447-486. Indice 328 $aMünchen, Univ., Jur. Fak., Diss., 2000 510 1 $a<>"international community" in public international law$zeng 676 $a341$v21$zita 700 1$aPaulus,$bAndreas L.$0266534 801 0$aIT$bUNINA$gRICA$2UNIMARC 901 $aBK 912 $a990007376730403321 952 $aX L 173$b43790*$eBiblioteca Centrale della Facoltà di Giurisprudenza$fFGBC 959 $aFGBC 996 $aInternationale Gemeinschaft im Völkerrecht$9693068 997 $aUNINA LEADER 01097nam a2200265 i 4500 001 991002863549707536 008 151203s2014 it b 001 0 ita d 020 $a9788862745376 035 $ab14245000-39ule_inst 040 $aDip. di Studi Umanistici$bita 082 0 $a480 100 1 $aNuti, Erika$0481132 245 10$a"Longa est via" :$bforme e contenuti dello studio grammaticale dalla Bisanzio paleologa al tardo Rinascimento veneziano /$cErika Nuti 264 1$aAlessandria :$bEdizioni dell'Orso,$c2014 300 $aXII, 410 p. :$bill. ;$c24 cm 490 0 $aHellenica ;$v51 504 $aBibliografia: p. 359-386. Indice 650 04$aLingua greca$xGrammatica$xInsegnamento$zEuropa$xStoria$ySec. 16. 650 04$aFilologia classica$xInsegnamento$zEuropa$xStoria$ySec. 16. 907 $a.b14245000$b02-04-20$c03-12-15 912 $a991002863549707536 945 $aLE007 480 NUT 01.01$g1$i2007000265765$lle007$op$pE50.00$q-$rl$s- $t0$u0$v0$w0$x0$y.i15707246$z13-01-16 996 $a"Longa est via"$9254538 997 $aUNISALENTO 998 $ale007$b03-12-15$cm$da $e-$fita$git $h0$i0